| 000 | 00461 a2200145 4500 | ||
|---|---|---|---|
| 020 | _a9698296115 | ||
| 082 | _a370.95491 | ||
| 090 |
_c1321 _d1321 |
||
| 100 | _aImran,Ibrahim | ||
| 245 |
_aEducational Guide of Pakistan _bA Guide to more then 3000 Higher education,training and research institutions of Pakistan _cIbrahim Imran |
||
| 260 |
_aLahore _bIbrahim publishers _c1999-2000 |
||
| 300 | _a378p | ||
| 500 | _aPaper cover | ||
| 942 |
_aNBS _cBK _k370.95491 IMR |
||
| 999 |
_c343843 _d343843 |
||